[Event "Tourn. n9844"]
[Site "www.echecsemail.com"]
[Date "2018.08.30"]
[Round "1"]
[White "Passaroa25"]
[Black "Julian"]
[WhiteElo "1670"]
[BlackElo "1900"]
[Result "0-1"]
[Round "1"]
1.Nb1c3 d5
2.d4 e6
3.Ng1f3 c6
4.Nf3e5 Ng8f6
5.f3 Bf8d6
6.e3 Nb8d7
7.h3 Nd7xe5
8.dxe5 Bd6xe5
9.Bf1e2 O-O
10.f4 Be5c7
11.Bc1d2 Nf6e4
12.O-O f5
13.Bd2e1 e5
14.g3 exf4
15.exf4 Rf8e8
16.Be2f3 Bc7b6
17.Kg2 d4
18.Nc3e2 c5
19.c4 Bc8e6
20.b3 Qd8c7
21.Ne2c1 Ra8d8
22.Nc1e2 d3
23.Ne2g1 Qc7f7
24.Bf3xe4 fxe4
25.Qd1b1 Qf7h5
26.f5 Be6d7
27.g4 Qh5g5
28.Be1g3 Qg5d2
29.Bg3f2 e3
30.Qb1d1 Qd2xd1
31.Ra1xd1 e2
32.Ng1f3 exf1Q
33.Kxf1 a5
34.Rd1xd3 Bd7c6
35.Nf3d2 Rd8xd3
36.Nd2b1 Rd3d1
37.Bf2e1 Re8xe1
38.Kf2 Rd1xb1
39.Kg3 Bb6d8
{ resign }
0-1

[Event "Match"]
[Site "www.echecsemail.com"]
[Date "2018.08.30"]
[Round "1"]
[White "Whitekknight"]
[Black "Darknight"]
[WhiteElo "1880"]
[BlackElo "1960"]
[Result "1-0"]
[Round "1"]
1.e4 e5
2.Ng1f3 d6
3.Bf1c4 h6
4.Nb1c3 c6
5.d4 exd4
6.Nf3xd4 a6
7.h3 Ng8f6
8.Qd1e2 Bf8e7
9.O-O g5
10.g4 h5
11.Nd4f5 Bc8xf5
12.exf5 Nb8d7
13.Rf1e1 Nd7e5
14.Bc4b3 Qd8d7
15.Bc1xg5 hxg4
16.hxg4 O-O-O
17.Bg5f4 Ne5xg4
18.Bb3xf7 Qd7c7
19.Qe2xe7 Rd8d7
20.Bf7e6 Rh8e8
21.Be6xd7 Qc7xd7
22.Qe7xd6 Qd7xd6
23.Bf4xd6 Re8g8
24.Bd6g3 Ng4h6
25.Re1e6 Rg8f8
26.Bg3h4 Nh6g8
27.Nc3e2 Nf6d5
28.Ne2g3 Nd5f4
29.Re6e4 Nf4d5
30.Ra1e1 Kd7
31.Re1d1 Kc7
32.Re4d4 Kd6
33.Ng3e4 Kd7
34.c4 Rf8xf5
35.cxd5 cxd5
36.Rd4xd5 Rf5xd5
37.Rd1xd5 Kc6
38.Rd5c5 Kb6
39.b4 Ng8h6
40.Bh4d8 Ka7
41.Ne4c3 Nh6f7
42.Bd8c7 Ka8
43.Bc7b6 Nf7d6
44.Nc3e4 { resign }
1-0

[Event "Tourn. n9926"]
[Site "www.echecsemail.com"]
[Date "2018.08.30"]
[Round "1"]
[White "Foxy100"]
[Black "Cathar"]
[WhiteElo "2310"]
[BlackElo "2370"]
[Result "1/2-1/2"]
[Round "1"]
1.e4 e6
2.d4 d5
3.Nb1d2 c5
4.Ng1f3 Ng8f6
5.exd5 exd5
6.Bf1b5 Bc8d7
7.Bb5xd7 Nb8xd7
8.O-O Bf8e7
9.Rf1e1 O-O
10.dxc5 Nd7xc5
11.Nd2f1 Rf8e8
12.Bc1e3 a5
13.Be3d4 Nc5e6
14.c3 a4
15.Qd1d3 Ne6xd4
16.Nf3xd4 Qd8b6
17.b4 axb3
18.axb3 Be7c5
19.Re1xe8 Ra8xe8
20.b4 Bc5xd4
21.Qd3xd4 { draw }
1/2-1/2

[Event "Tourn. n9899"]
[Site "www.echecsemail.com"]
[Date "2018.08.30"]
[Round "1"]
[White "Fabos12"]
[Black "Ditto"]
[WhiteElo "1960"]
[BlackElo "1880"]
[Result "0-1"]
[Round "1"]
1.d4 d5
2.Ng1f3 Bc8g4
3.h3 Bg4d7
4.Bc1f4 Ng8f6
5.e3 e6
6.Bf1d3 Bf8b4
7.c3 Bb4e7
8.Nb1d2 a6
9.e4 dxe4
10.Nd2xe4 Nf6d5
11.Bf4h2 Bd7c6
12.Nf3e5 O-O
13.Ne5xc6 Nb8xc6
14.Ra1c1 Be7h4
15.Ne4g3 { time. }
0-1

[Event "Tourn. n9880"]
[Site "www.echecsemail.com"]
[Date "2018.08.30"]
[Round "1"]
[White "Cathar"]
[Black "Jaroslavpech"]
[WhiteElo "2400"]
[BlackElo "2450"]
[Result "0-1"]
[Round "1"]
1.c4 e5
2.g3 Ng8f6
3.Bf1g2 d5
4.cxd5 Nf6xd5
5.d3 Nb8c6
6.Ng1f3 Bf8e7
7.O-O O-O
8.Nb1d2 Bc8e6
9.a3 Qd8d7
10.Qd1c2 Nc6d4
11.Nf3xd4 exd4
12.Nd2e4 b6
13.Ne4g5 Be7xg5
14.Bc1xg5 c5
15.b4 Ra8c8
16.bxc5 Rc8xc5
17.Qc2b2 Nd5c3
18.e3 Rc5xg5
{ resign }
0-1

[Event "Match"]
[Site "www.echecsemail.com"]
[Date "2018.08.30"]
[Round "1"]
[White "Liencam2"]
[Black "Alessiov"]
[WhiteElo "2360"]
[BlackElo "2260"]
[Result "0-1"]
[Round "1"]
1.e4 e5
2.Ng1f3 Nb8c6
3.d4 exd4
4.c3 dxc3
5.Bf1c4 cxb2
6.Bc1xb2 Bf8b4
7.Nb1c3 Ng8f6
8.Qd1c2 d6
9.O-O-O O-O
10.e5 Nf6g4
11.exd6 cxd6
12.Bc4d3 g6
13.Nc3d5 Bc8e6
14.h3 Be6xd5
15.hxg4 Ra8c8
16.Qc2a4 b5
17.Bd3xb5 Bd5e4
18.Nf3d2 Nc6d4
19.Nd2c4 Nd4e2

0-1

[Event "Match"]
[Site "www.echecsemail.com"]
[Date "2018.08.30"]
[Round "1"]
[White "Eeze"]
[Black "Sonny1000"]
[WhiteElo "1900"]
[BlackElo "1600"]
[Result "0-1"]
[Round "1"]
1.e4 e5
2.Ng1f3 Nb8c6
3.c3 f6
4.b4 b5
5.Bf1xb5 Bc8b7
6.O-O h5
7.Nf3h4 Ng8e7
8.d3 Rh8h6
9.Bc1xh6 gxh6
10.Qd1xh5 Ne7g6
11.Qh5xg6 Ke7
12.Nh4f5 Ke6
13.Bb5c4 d5
14.exd5 Kd7
15.dxc6 Bb7xc6
16.Qg6f7 Kc8
 { time }
0-1

[Event "Match"]
[Site "www.echecsemail.com"]
[Date "2018.08.30"]
[Round "1"]
[White "Obisporey"]
[Black "Cathar"]
[WhiteElo "2570"]
[BlackElo "2340"]
[Result "1-0"]
[Round "1"]
1.e4 e6
2.d4 d5
3.Nb1c3 Bf8b4
4.e5 c5
5.a3 Bb4xc3
6.bxc3 Ng8e7
7.Qd1g4 O-O
8.Bf1d3 Nb8c6
9.Qg4h5 Ne7g6
10.Ng1f3 Qd8c7
11.Bc1e3 c4
12.Bd3xg6 fxg6
13.Qh5g4 Qc7f7
14.Nf3g5 Qf7e8
15.h4 Nc6e7
16.a4 a5
17.Qg4e2 Bc8d7
18.g4 Ra8a6
19.Be3c1 Bd7xa4
20.Bc1a3 h6
21.Ng5h3 Rf8f7
22.Kd2 b5
23.Ba3c5 b4
24.cxb4 axb4
25.Bc5xb4 Qe8a8
26.Rh1b1 Ne7c6
27.Bb4c5 Nc6a7
28.g5 h5
29.Ke3 Na7b5
30.Qe2d2 Nb5c7
31.Ra1a2 Ba4e8
32.Ra2xa6 Qa8xa6
33.Nh3f4 Kh7
34.Qd2c1 Rf7f5
35.Qc1a3 Qa6c6
36.Rb1b6 Qc6d7
37.Nf4e2 Qd7a4
38.Qa3xa4 Be8xa4
39.Rb6b7 { resign }
1-0

[Event "Tourn. n9905"]
[Site "www.echecsemail.com"]
[Date "2018.08.30"]
[Round "1"]
[White "Cathar"]
[Black "Gvladutz"]
[WhiteElo "2420"]
[BlackElo "2470"]
[Result "0-1"]
[Round "1"]
1.d4 Ng8f6
2.c4 e6
3.Nb1c3 Bf8b4
4.a3 Bb4xc3
5.bxc3 c5
6.e3 Nb8c6
7.Bf1d3 O-O
8.Ng1e2 e5
9.O-O e4
10.Bd3b1 d5
11.cxd5 Qd8xd5
12.Bb1a2 Qd5d6
13.h3 Rf8d8
14.Bc1b2 cxd4
15.exd4 b5
16.a4 b4
17.cxb4 Nc6xb4
18.Ba2b3 Bc8a6
{ resign }
0-1

[Event "Match"]
[Site "www.echecsemail.com"]
[Date "2018.08.30"]
[Round "1"]
[White "J1j6"]
[Black "Bojan"]
[WhiteElo "1890"]
[BlackElo "1960"]
[Result "1-0"]
[Round "1"]
1.Ng1f3 c5
2.e4 a6
3.d4 cxd4
4.Qd1xd4 Nb8c6
5.Qd4e3 e6
6.a3 Bf8e7
7.Bc1d2 h6
8.Nb1c3 Qd8c7
9.Nf3d4 Qc7d6
10.Nd4xc6 bxc6
11.O-O-O Ng8f6
12.Bf1d3 Ra8b8
13.f3 Qd6c7
14.Nc3a4 d6
15.Bd2c3 Nf6h5
16.g3 e5
17.f4 exf4
18.gxf4 Nh5xf4
19.Bc3xg7 Nf4xd3
20.Qe3xd3 Be7g5
21.Kb1 Rh8g8
22.Bg7c3 Ke7
23.Bc3b4 Rg8d8
24.e5 Rb8xb4
25.axb4 f6
26.exd6 Rd8xd6
27.Qd3h7 Kd8
28.Qh7g8 Kd7
29.Na4c5 Ke7
30.Rh1e1 Rd6e6
31.Qg8g7 { resign }
1-0

[Event "Match"]
[Site "www.echecsemail.com"]
[Date "2018.08.30"]
[Round "1"]
[White "Jovaras"]
[Black "Guidom"]
[WhiteElo "2230"]
[BlackElo "2170"]
[Result "0-1"]
[Round "1"]
1.e4 e5
2.Ng1f3 Nb8c6
3.Bf1b5 a6
4.Bb5a4 Ng8f6
5.O-O d6
6.d4 exd4
7.Nf3xd4 Bc8d7
8.Nb1c3 Bf8e7
9.Bc1g5 O-O
10.Nd4xc6 bxc6
11.Ba4b3 h6
12.Bg5h4 Bd7e6
13.f4 d5
14.Bh4xf6 Be7xf6
15.f5 Bf6xc3
16.fxe6 Bc3e5
17.exf7 Rf8xf7
18.Rf1xf7 Kxf7
19.exd5 Kf8
20.Qd1f3 Qd8f6
21.Qf3h5 Be5xb2
22.Ra1f1 Bb2d4
{ resign }
0-1

[Event "Tourn. n9858"]
[Site "www.echecsemail.com"]
[Date "2018.08.30"]
[Round "1"]
[White "Cathar"]
[Black "Jazzy"]
[WhiteElo "2259"]
[BlackElo "2270"]
[Result "1/2-1/2"]
[Round "1"]
1.c4 Ng8f6
2.g3 d6
3.Bf1g2 e5
4.Nb1c3 Bf8e7
5.Ng1f3 c6
6.O-O O-O
7.d4 e4
8.Nf3g5 d5
9.cxd5 cxd5
10.h4 h6
11.Ng5h3 Bc8xh3
12.Bg2xh3 a6
13.Qd1b3 b5
14.Bc1f4 Nb8c6
15.Bf4e5 Nc6a5
16.Qb3d1 Na5c4
17.b3 Nc4xe5
18.dxe5 Be7b4
19.exf6 Bb4xc3
20.fxg7 Bc3xg7
21.Ra1c1 Qd8d6
22.e3 b4
23.Qd1c2 Bg7c3
24.Qc2e2 Qd6g6
25.Rc1d1 Rf8d8
26.Qe2g4 Qg6xg4
27.Bh3xg4 Rd8d6
28.Kg2 a5
29.f3 exf3
30.Bg4xf3 Ra8d8
31.Rf1f2 Kg7
32.Rf2e2 f5
33.g4 fxg4
{ draw }
1/2-1/2

[Event "Match"]
[Site "www.echecsemail.com"]
[Date "2018.08.30"]
[Round "1"]
[White "Jovaras"]
[Black "Comrade"]
[WhiteElo "2250"]
[BlackElo "2300"]
[Result "0-1"]
[Round "1"]
1.e4 c5
2.Ng1f3 Nb8c6
3.Bf1b5 Ng8f6
4.e5 Nf6d5
5.Nb1c3 e6
6.Nc3xd5 exd5
7.O-O Bf8e7
8.c3 Qd8b6
9.Bb5xc6 dxc6
10.d4 Bc8g4
11.Qd1d3 Bg4xf3
12.gxf3 cxd4
13.cxd4 c5
14.b3 Ra8c8
15.Bc1e3 Qb6g6
16.Qd3xg6 hxg6
17.Ra1c1 b6
18.dxc5 bxc5
19.b4 d4
20.Be3xd4 c4
21.a3 Rh8h4
22.Bd4e3 f6
23.exf6 gxf6
24.Rf1d1 f5
25.Rd1d4 Rh4xd4
26.Be3xd4 a6
27.Bd4c5 Be7xc5
28.bxc5 Rc8xc5
29.Kf1 Kd7
30.Ke2 Kd6
31.Rc1g1 Rc5e5
32.Kd2 Re5e6
33.Kc3 Kc5
34.Rg1d1 Re6c6
35.Rd1d4 Kb5
36.f4 Ka4
37.Rd4d5 Rc6b6
38.Kxc4 Kxa3
39.Rd5d1 Rb6b4
40.Kc3 Rb4b3
41.Kc2 Rb3b2
42.Kc3 Rb2xf2
43.Rd1d6 a5
44.Rd6xg6 Rf2xf4
45.Rg6f6 Rf4f3
46.Kc4 a4
47.h4 Kb2
48.Rf6b6 Rf3b3
{ resign }
0-1

[Event "Tourn. n9903"]
[Site "www.echecsemail.com"]
[Date "2018.08.30"]
[Round "1"]
[White "Mitja"]
[Black "Bevittsmith"]
[WhiteElo "2020"]
[BlackElo "2220"]
[Result "0-1"]
[Round "1"]
1.d4 Ng8f6
2.e3 g6
3.Ng1f3 d5
4.c3 Bf8g7
5.b3 O-O
6.Bf1d3 b6
7.Bc1b2 c5
8.dxc5 bxc5
9.Bd3c2 Bc8a6
10.Nb1a3 Nb8c6
11.Bc2d3 Qd8b6
12.Bd3xa6 Qb6xa6
13.c4 Rf8d8
14.O-O d4
15.exd4 cxd4
16.Qd1d3 e5
17.Nf3d2 Nc6b4
18.Qd3f3 Qa6c6
19.Qf3xc6 Nb4xc6
20.f3 Nf6d7
21.Nd2e4 f5
22.Ne4g5 Nd7c5
23.Rf1d1 h6
24.Ng5h3 Rd8d7
25.Nh3f2 Ra8e8
26.Kf1 e4
27.fxe4 fxe4
28.Rd1e1 Kf7
29.b4 Nc6xb4
30.Na3b1 Nb4c2
{ resign }
0-1

[Event "Match"]
[Site "www.echecsemail.com"]
[Date "2018.08.30"]
[Round "1"]
[White "Alessiov"]
[Black "Europerl"]
[WhiteElo "2260"]
[BlackElo "1809"]
[Result "1-0"]
[Round "1"]
1.e4 c5
2.Ng1f3 d6
3.d4 cxd4
4.Nf3xd4 Ng8f6
5.Nb1c3 a6
6.Bf1e2 e5
7.Nd4b3 Bf8e7
8.O-O O-O
9.Bc1e3 Bc8e6
10.Qd1d2  { time }
1-0

[Event "1/128 Finale"]
[Site "www.chess-mail.com"]
[Date "2018.08.30"]
[Round "1"]
[White "Europerl"]
[Black "J1j6"]
[WhiteElo "1809"]
[BlackElo "1900"]
[Result "0-1"]
[Round "1"]
1.e4 e5
2.Ng1f3 Nb8c6
3.Bf1c4 h6
4.d4 exd4
5.Nf3xd4 Nc6xd4
6.Qd1xd4 Qd8e7
7.Nb1c3 c6
8.Bc1f4 d5
 { time }
0-1

[Event "Tourn. n9795"]
[Site "www.chess-mail.com"]
[Date "2018.08.31"]
[Round "1"]
[White "Sociopath"]
[Black "Seger"]
[WhiteElo "2630"]
[BlackElo "2800"]
[Result "1/2-1/2"]
[Round "1"]
1.e4 e5
2.Ng1f3 Nb8c6
3.Bf1b5 Ng8f6
4.Nb1c3 Bf8c5
5.Bb5xc6 dxc6
6.d3 O-O
7.O-O Rf8e8
8.h3 a5
9.a4 h6
10.Nc3e2 Nf6h5
11.Kh1 Bc5d6
12.b3 Bc8e6
13.Bc1b2 Qd8f6
14.Kh2 Be6d7
15.Nf3d2 Qf6g5
16.Nd2c4 b5
17.Bb2c1 Qg5f6
18.Nc4e3 Nh5f4
19.Ra1a2 Bd7e6
20.Ne2g1 Nf4g6
21.g3 Qf6d8
22.Qd1h5 Qd8g5
23.Qh5f3 b4
24.Ra2a1 Qg5d8
25.Ng1e2 Kh7
26.Bc1b2 f6
27.Ra1e1 Qd8d7
28.Qf3g2 Bd6c5
29.Bb2c1 Bc5d6
30.h4 Ng6f4
31.Qg2f3 Nf4g6
32.h5 Ng6e7
33.g4 c5
34.Ne2g3 Ne7c6
35.Ng3f5 Nc6d4
36.Qf3d1 Bd6f8
37.Ne3c4 Qd7c6
38.Bc1d2 Re8d8
39.f3 Qc6e8
40.Qd1c1 Qe8f7
41.Rf1f2 Qf7d7
42.Bd2e3 Bf8e7
43.Rf2f1 Be7f8
44.Nf5h4 Nd4xb3
45.cxb3 Qd7xd3
46.Qc1b2 Be6xc4
47.bxc4 Qd3xc4
48.Nh4g6 Rd8d3
49.Re1c1 Qc4a6
50.Be3xc5 Bf8xc5
51.Rc1xc5 Ra8d8
52.Rf1f2 Qa6b6
53.Rc5c4 Rd3d4
54.Rc4c1 c5
55.Ng6e7 c4
56.Kg2 Qb6c5
57.Ne7d5 Rd8xd5
58.exd5 Qc5xd5
59.Qb2b1 Rd4d3
60.Qb1c2 c3
61.Rc1d1 e4
62.fxe4 Qd5xe4
63.Kh2 Qe4e5
{ draw }
1/2-1/2

[Event "Match"]
[Site "www.echecsemail.com"]
[Date "2018.08.31"]
[Round "1"]
[White "Europerl"]
[Black "Alekpax"]
[WhiteElo "1809"]
[BlackElo "2480"]
[Result "0-1"]
[Round "1"]
1.e4 e5
2.Ng1f3 Nb8c6
3.Bf1c4 Bf8c5
4.b4 Bc5xb4
5.c3 Bb4a5
6.d4 exd4
7.O-O Ng8e7
8.Nf3g5 d5
9.Ng5xf7 Kxf7
10.exd5 Nc6e5
 { time }
0-1

[Event "Tourn. n9923"]
[Site "www.echecsemail.com"]
[Date "2018.08.31"]
[Round "1"]
[White "Madz123456"]
[Black "Europerl"]
[WhiteElo "1800"]
[BlackElo "1809"]
[Result "1-0"]
[Round "1"]
1.e4 c5
2.Ng1f3 d6
3.d4 cxd4
4.Nf3xd4 Ng8f6
5.Nb1c3 a6
6.Bc1g5 e6
7.Bf1e2 Bf8e7
8.Bg5e3  { time }
1-0

[Event "Match"]
[Site "www.echecsemail.com"]
[Date "2018.08.31"]
[Round "1"]
[White "Pinehill"]
[Black "Apdash"]
[WhiteElo "2100"]
[BlackElo "2170"]
[Result "1/2-1/2"]
[Round "1"]
1.e4 c5
2.b4 e6
3.Ng1f3 Nb8c6
4.bxc5 Bf8xc5
5.c3 d5
6.d4 dxe4
7.Nf3g5 Bc5e7
8.Ng5xe4 Ng8f6
9.Bf1d3 e5
10.Bc1e3 exd4
11.cxd4 Be7b4
12.Nb1d2 Nf6d5
13.O-O Bc8f5
14.a3 Bb4xd2
15.Qd1xd2 O-O
16.f3 Nd5xe3
17.Qd2xe3 Qd8xd4
18.Qe3xd4 Nc6xd4
19.Rf1d1 Ra8d8
20.Ra1c1 Bf5xe4
21.fxe4 b5
22.Rc1c7 a5
23.Rc7b7 Rd8b8
24.Rb7d7 Nd4e6
25.e5 b4
26.axb4 axb4
27.Rd1b1 b3
28.Bd3c4 Ne6c5
29.Rd7c7 Nc5e4
30.e6 Ne4d2
31.exf7 Kh8
32.Rb1b2 Nd2xc4
33.Rc7xc4 g6
34.Rc4c3 Rf8xf7
35.Rc3xb3 { draw }
1/2-1/2

[Event "Tourn. n9843"]
[Site "www.echecsemail.com"]
[Date "2018.08.31"]
[Round "1"]
[White "Seger"]
[Black "Sachpat"]
[WhiteElo "2830"]
[BlackElo "2810"]
[Result "1-0"]
[Round "1"]
1.c4 e5
2.Nb1c3 Ng8f6
3.Ng1f3 Nb8c6
4.e3 Bf8b4
5.Qd1c2 O-O
6.a3 Bb4e7
7.b4 d6
8.Bc1b2 g6
9.g3 Rf8e8
10.Bf1g2 Be7f8
11.O-O Bf8g7
12.d3 Ra8b8
13.h3 a6
14.Ra1c1 h6
15.Nf3d2 Nf6h7
16.Nc3e2 Bc8d7
17.f4 Nc6e7
18.e4 g5
19.c5 dxc5
20.Bb2xe5 Bg7xe5
21.fxe5 Ne7g6
22.e6 Re8xe6
23.Qc2xc5 Re6d6
24.Qc5f2 Rd6f6
25.Qf2e3 Rf6xf1
26.Rc1xf1 Qd8e7
27.d4 Rb8d8
28.Ne2c3 c6
29.e5 f6
30.Nd2c4 Bd7e6
31.exf6 Nh7xf6
32.Nc4a5 Nf6d5
33.Nc3xd5 Be6xd5
34.Qe3xe7 Ng6xe7
35.Na5xb7 Rd8d7
36.Nb7c5 { resign }
1-0

[Event "Tourn. n9871"]
[Site "www.echecsemail.com"]
[Date "2018.08.31"]
[Round "1"]
[White "Fabos12"]
[Black "Fantomas"]
[WhiteElo "2000"]
[BlackElo "2210"]
[Result "1-0"]
[Round "1"]
1.d4 d5
2.Bc1f4 Ng8f6
3.Ng1f3 h6
4.e3 Bc8f5
5.Bf1d3 Bf5xd3
6.Qd1xd3 e6
7.Nb1d2 c6
8.c3 Bf8d6
9.Bf4xd6 Qd8xd6
10.e4 dxe4
11.Nd2xe4 Nf6xe4
12.Qd3xe4 Nb8d7
13.Qe4g4 O-O
14.O-O-O Nd7f6
15.Qg4h4 Qd6d5
16.Kb1 Qd5e4
17.Qh4xe4 Nf6xe4
18.Rh1f1 Ra8d8
19.Nf3e5 Rf8e8
20.f3 Ne4d6
21.b3 Nd6b5
22.Kb2 f6
23.Ne5d3 b6
24.a4 Nb5c7
25.Nd3b4 Rd8d6
26.c4 Re8d8
27.Nb4c2 c5
28.Kc3 cxd4
29.Rd1xd4 e5
30.Rd4xd6 Rd8xd6
31.Nc2e3 g6
32.Rf1d1 Rd6xd1
33.Ne3xd1 Kf7
34.Nd1e3 Ke6
35.b4 f5
36.c5 bxc5
37.bxc5 Nc7d5
38.Ne3xd5 Kxd5
39.Kb4 a5
40.Kb5 e4
41.fxe4 { resign }
1-0

[Event "Tourn. n9860"]
[Site "www.echecsemail.com"]
[Date "2018.08.31"]
[Round "1"]
[White "Amaya"]
[Black "Ssharp"]
[WhiteElo "2160"]
[BlackElo "2200"]
[Result "0-1"]
[Round "1"]
1.d4 Ng8f6
2.e3 e6
3.Bf1d3 d5
4.Nb1d2 c5
5.c3 Nb8c6
6.a3 Bc8d7
7.f4 c4
8.Bd3c2 b5
9.Ng1f3 Nf6g4
10.Qd1e2 f5
11.O-O Ng4f6
12.Nf3e5 a5
13.Qe2f3 a4
14.Qf3g3 Nc6xe5
15.fxe5 Nf6h5
16.Qg3f3 g6
17.Bc2d1 Qd8e7
18.Qf3h3 Nh5g7
19.Nd2f3 g5
20.Qh3h6 g4
21.Nf3g5 O-O-O
22.e4 dxe4
23.Bd1xg4 fxg4
24.Ng5f7 Ng7f5
25.Qh6f6 Qe7e8
26.Nf7xh8 Bf8g7
27.Qf6f7 Qe8xh8
28.Qf7h5 g3
29.h3 Bd7e8
30.Qh5d1 Bg7xe5
31.Bc1f4 Be5xf4
32.Rf1xf4 Be8c6
33.Qd1h5 Rd8f8
34.Ra1f1 Kb7
35.Rf4xf5 exf5
36.Rf1xf5 Rf8xf5
37.Qh5xf5 Qh8g8
38.Qf5e5 h6
39.Qe5e7 Ka6
40.Qe7d6 Qg8d5
41.Qd6xg3 e3
42.Qg3g4 Qd5e4
43.Qg4c8 Bc6b7
44.Qc8c7 Qe4xg2
{ resign }
0-1

[Event "Match"]
[Site "www.echecsemail.com"]
[Date "2018.08.31"]
[Round "1"]
[White "Apdash"]
[Black "Dussek"]
[WhiteElo "2110"]
[BlackElo "1840"]
[Result "1-0"]
[Round "1"]
1.d4 d5
2.Ng1f3 Ng8f6
3.c4 c6
4.cxd5 cxd5
5.Nb1c3 Bc8f5
6.Bc1g5 e6
7.e3 Nb8d7
8.Bf1b5 Bf8e7
9.Nf3e5 O-O
10.Ne5xd7 Nf6xd7
11.Bg5xe7 Qd8xe7
12.O-O Nd7f6
13.Bb5d3 Bf5g4
14.f3 Bg4h5
15.Qd1d2 Ra8c8
16.e4 Bh5g6
17.Ra1e1 a6
18.e5 Nf6d7
19.f4 Bg6xd3
20.Qd2xd3 Nd7b6
21.b3 Rc8c7
22.Re1e3 Qe7h4
23.Re3h3 { resign }
1-0

[Event "Match"]
[Site "www.echecsemail.com"]
[Date "2018.08.31"]
[Round "1"]
[White "Stevep84"]
[Black "Ff333"]
[WhiteElo "2310"]
[BlackElo "2180"]
[Result "0-1"]
[Round "1"]
1.e4 e5
2.d4 Qd8f6
3.d5 Bf8c5
4.Ng1f3 h6
5.Bf1d3 Ng8e7
6.O-O c6
7.c4 a6
8.b3 d6
9.Bc1b2 Bc8g4
10.Bd3e2 Ne7g6
11.h3 Bg4d7
12.Nb1d2 Ng6f4
13.Kh1 Bd7xh3
14.gxh3 Nf4xh3
15.Qd1e1 Qf6g6
16.Nf3h4 Qg6g5
17.f4 Nh3xf4
18.Nd2f3 Qg5g4
19.Nf3g1 Nf4xe2
20.Qe1xe2 Qg4xh4
21.Qe2h2 Qh4xe4
22.Ng1f3 Nb8d7
23.Ra1e1 Qe4g6
24.Nf3h4 Qg6h7
25.Qh2h3 g5
26.Nh4f5 O-O-O
27.dxc6 bxc6
28.Qh3g2 Kc7
29.Bb2c3 Nd7f6
30.b4 Nf6h5
31.bxc5 Nh5f4
32.Bc3a5 Kd7
33.Qg2d2 d5
34.Re1xe5 Rd8e8
35.Re5xd5 cxd5
{ resign }
0-1

[Event "Match"]
[Site "www.echecsemail.com"]
[Date "2018.08.31"]
[Round "1"]
[White "Alekpax"]
[Black "Darknight"]
[WhiteElo "2470"]
[BlackElo "1960"]
[Result "1-0"]
[Round "1"]
1.e4 e5
2.Ng1f3 d6
3.d4 exd4
4.Nf3xd4 a6
5.Nb1c3 c6
6.Bf1e2 h6
7.Bc1f4 Ng8f6
8.Qd1d2 Nb8d7
9.O-O-O Bf8e7
10.Nd4f5 Be7f8
11.Nf5xd6 Bf8xd6
12.Bf4xd6 b5
13.Kb1 Qd8b6
14.e5 Nf6d5
15.Be2f3 Nd5xc3
16.Qd2xc3 Bc8b7
17.e6 Nd7f6
18.Rh1e1 Ra8d8
19.Qc3e5 Bb7c8
20.Bf3h5 Nf6xh5
21.Qe5xh5 g6
22.exf7 Kxf7
23.Re1e7 Kf6
24.Qh5e5 
1-0

[Event "Match"]
[Site "www.echecsemail.com"]
[Date "2018.08.31"]
[Round "1"]
[White "Apdash"]
[Black "Caspito"]
[WhiteElo "2110"]
[BlackElo "1890"]
[Result "1-0"]
[Round "1"]
1.d4 Ng8f6
2.c4 g6
3.Nb1c3 Bf8g7
4.e4 d6
5.Bc1g5 O-O
6.Bf1d3 e5
7.Ng1e2 b6
8.O-O Bc8b7
9.Nc3d5 Bb7xd5
10.exd5 c6
11.dxc6 Nb8xc6
12.Bd3e4 Ra8c8
13.d5 Nc6a5
14.b3 Qd8d7
15.Bg5xf6 Bg7xf6
16.Ra1c1 Qd7g4
17.Be4f3 Qg4d7
18.h3 Rf8e8
19.Bf3g4 Qd7c7
20.Bg4xc8 Re8xc8
21.f4 e4
22.f5 Qc7c5
23.Kh1 a6
24.fxg6 fxg6
25.Rf1xf6 Rc8e8
26.Qd1f1 Qc5e3
27.Rc1e1 Qe3g5
28.Ne2d4 { resign }
1-0

[Event "Match"]
[Site "www.echecsemail.com"]
[Date "2018.08.31"]
[Round "1"]
[White "J1j6"]
[Black "Bojan"]
[WhiteElo "1890"]
[BlackElo "1960"]
[Result "0-1"]
[Round "1"]
1.c4 b6
2.Ng1f3 Bc8b7
3.e3 Nb8c6
4.g3 e6
5.d4 Bf8b4
6.Nb1d2 Nc6a5
7.a3 Bb4e7
8.b4 Na5c6
9.Nd2b3 a6
10.d5 exd5
11.cxd5 Nc6a7
12.e4 d6
13.Bc1b2 Be7f6
14.Bb2xf6 Ng8xf6
15.Bf1d3 Qd8e7
16.Qd1c2 Nf6g4
17.O-O-O Ra8c8
18.Kb1 Qe7f6
19.Nb3d4 c5
20.dxc6 Na7xc6
21.Qc2b2 O-O
22.Rd1f1 Rf8e8
23.h3 Ng4e5
24.Nf3xe5 Nc6xe5
25.Bd3e2 Bb7xe4
26.Ka1 Be4xh1
27.Rf1xh1 Qf6xf2
28.Rh1f1 Qf2xg3
29.Nd4f5 Qg3g6
30.Be2xa6 Rc8c7
31.Qb2f2 Re8a8
32.Rf1g1 Qg6f6
33.Rg1xg7 Kh8
34.Ka2 Ra8xa6
35.Qf2g2 Qf6e6
36.Kb2 Ne5d3
37.Kb1 Qe6b3
{ resign }
0-1

[Event "Match"]
[Site "www.echecsemail.com"]
[Date "2018.08.31"]
[Round "1"]
[White "Add"]
[Black "Apdash"]
[WhiteElo "2260"]
[BlackElo "2150"]
[Result "1-0"]
[Round "1"]
1.e4 e5
2.Ng1f3 Nb8c6
3.d4 d6
4.d5 Nc6e7
5.h3 f5
6.Bf1d3 f4
7.Bc1d2 Ng8f6
8.c4 c6
9.Nb1c3 cxd5
10.cxd5 Bc8d7
11.a4 Ne7g6
12.b3 a6
13.Qd1e2 Bf8e7
14.Bd3c4 O-O
15.a5 b5
16.axb6 Qd8xb6
17.O-O Kh8
18.Rf1b1 Nf6e8
19.Bc4xa6 Ne8c7
20.Ba6c4 Ng6h4
21.Kh2 Nh4xf3
22.Qe2xf3 Bd7b5
23.Qf3e2 Ra8xa1
24.Rb1xa1 Bb5xc4
25.bxc4 Nc7a6
26.Ra1b1 Qb6c7
27.Nc3b5 Qc7d7
28.f3 Rf8c8
29.Bd2e1 h5
30.Be1f2 g5
31.Rb1a1 Na6c5
32.Ra1a7 Qd7d8
33.Bf2e1 Qd8e8
34.Be1c3 Rc8a8
35.Nb5c7 Ra8xa7
36.Nc7xe8 Kg8
37.Qe2b2 Ra7b7
38.Qb2a3 Kf7
39.Bc3b4 Rb7xb4
40.Ne8xd6 Be7xd6
41.Qa3xb4 Kf6
42.Qb4b6 Ke7
43.Qb6a7 Nc5d7
44.Qa7a8 Nd7f8
45.Qa8c8 Nf8d7
46.Qc8g8 { resign }
1-0

[Event "Match"]
[Site "www.echecsemail.com"]
[Date "2018.08.31"]
[Round "1"]
[White "Add"]
[Black "Jovaras"]
[WhiteElo "2240"]
[BlackElo "2250"]
[Result "1-0"]
[Round "1"]
1.e4 c5
2.Ng1f3 d6
3.h3 Ng8f6
4.Nb1c3 Nb8c6
5.d4 cxd4
6.Nf3xd4 Nc6xd4
7.Qd1xd4 g6
8.e5 dxe5
9.Qd4xd8 Kxd8
10.Bc1e3 Bc8f5
11.O-O-O Kc7
12.Nc3b5 Kc6
13.Nb5xa7 Kc7
14.Na7b5 Kc6
15.Nb5c3 e6
16.Bf1b5 Kc7
17.a3 Bf8e7
18.f3 Ra8d8
19.g4 { resign }
1-0

[Event "Tourn. n9829"]
[Site "www.echecsemail.com"]
[Date "2018.08.31"]
[Round "1"]
[White "Passaroa25"]
[Black "Pablincho"]
[WhiteElo "1610"]
[BlackElo "1809"]
[Result "1-0"]
[Round "1"]
1.Nb1c3 e6
2.Ng1f3 d5
3.d4 h6
4.e3 a6
5.Bc1d2 Bf8d6
6.Nf3e5 Ng8e7
7.f4 c5
8.Bf1e2 Nb8d7
9.g3 O-O
10.Be2h5 Bd6xe5
11.dxe5 Kh7
12.Qd1e2 f6
13.Qe2d3 f5
14.O-O-O c4
15.Qd3d4 Ne7c6
16.Qd4xd5 exd5
17.Nc3xd5 Nd7f6
18.Nd5xf6 gxf6
19.exf6 Qd8xf6
20.Bd2c3 Qf6e7
21.Rh1e1 Bc8e6
22.a3 Be6f7
23.Bc3b4 Nc6xb4
24.Bh5e2 Nb4a2
25.Kd2 Ra8d8
26.Be2d3 cxd3
27.c3 Qe7e4
28.Re1g1 Bf7h5
29.Rd1a1 Qe4c4
30.Ra1xa2  { time }
1-0

[Event "Tourn. n9886"]
[Site "www.echecsemail.com"]
[Date "2018.08.31"]
[Round "1"]
[White "Julian"]
[Black "Kuriero"]
[WhiteElo "1820"]
[BlackElo "1749"]
[Result "0-1"]
[Round "1"]
1.e4 c5
2.Ng1f3 Nb8c6
3.c3 Ng8f6
4.e5 Nf6d5
5.d4 cxd4
6.cxd4 d6
7.Bf1c4 dxe5
8.dxe5 Nd5b6
9.Qd1xd8 Nc6xd8
10.Bc4b5 Bc8d7
11.Bb5xd7 Nb6xd7
12.Nb1c3 Nd8e6
13.Bc1e3 g6
14.O-O-O Bf8g7
15.Nc3e4 Nd7xe5
16.Nf3xe5 Bg7xe5
17.Rh1e1 O-O
18.Be3h6 Rf8d8
19.Kb1 Rd8xd1
20.Re1xd1 Ra8d8
21.Rd1xd8 Ne6xd8
22.Ne4c5 Be5d4
23.Nc5e4 f5
24.Ne4d2 Bd4xf2
25.Nd2f3 Nd8c6
 { time }
0-1

[Event "Tourn. n9912"]
[Site "www.echecsemail.com"]
[Date "2018.09.01"]
[Round "1"]
[White "0m1d9421"]
[Black "Gilliere"]
[WhiteElo "1809"]
[BlackElo "1980"]
[Result "0-1"]
[Round "1"]
1.e4 c5
2.Nb1c3 Nb8c6
3.Ng1f3 Ng8f6
4.Bf1c4 Nf6xe4
5.Qd1e2 Ne4xc3
6.bxc3 e6
7.O-O Bf8d6
8.Bc4d3 b6
9.Bd3e4 Qd8c7
10.d3 Bc8b7
11.g3 O-O-O
12.Bc1e3 f5
13.Be4xc6 Qc7xc6
14.Kg2 h6
15.Rf1b1 g5
16.Kf1 Qc6xf3
 { time }
0-1

[Event "Tourn. n9910"]
[Site "www.echecsemail.com"]
[Date "2018.09.01"]
[Round "1"]
[White "0m1d9421"]
[Black "Gilliere"]
[WhiteElo "1809"]
[BlackElo "1960"]
[Result "0-1"]
[Round "1"]
1.e4 c5
2.Ng1f3 d6
3.c4 Nb8c6
4.d3 Ng8f6
5.Nb1c3 g6
6.Bf1e2 Bf8g7
7.a3 O-O
8.Qd1c2 Nc6d4
9.Qc2d1 Qd8a5
10.Bc1e3 Nd4xe2
11.Qd1xe2 Nf6xe4
12.O-O Ne4xc3
13.bxc3 Bg7xc3
14.Ra1a2 Bc8g4
15.h3 Bg4xf3
16.Qe2xf3 Qa5c7
17.Qf3d5 Bc3g7
18.f4 e6
19.Qd5e4 Qc7d7
20.g4 f5
21.Qe4h1 Rf8e8
 { time }
0-1